| 000 | 00678nam a2200241 4500 | ||
|---|---|---|---|
| 999 |
_c8245 _d8245 |
||
| 001 | 21771 | ||
| 003 | BD-DhUAP | ||
| 005 | 20230606122609.0 | ||
| 008 | 230403b2002 ny ||||| |||| 00| 0ceng d | ||
| 020 | _a039397751 | ||
| 020 | _a9780393977516 | ||
| 040 |
_aBD-DhUAP _bEng _cBD-DhUAP _dBD-DhUAP |
||
| 082 |
_223 _a823.7 AUS |
||
| 100 | _aAusten, Jane. | ||
| 245 |
_aSense and sensibility / _cJane Austen. |
||
| 250 | _a1st ed | ||
| 260 |
_aNew York, _bNorton & Company; _cc 2022 |
||
| 300 |
_a xviii, 416 p. : _bill., map ; _c21 cm. |
||
| 504 | _aIncludes Bibliographical references. | ||
| 650 |
_aYoung women. _v Fiction. |
||
| 650 |
_aSisters . _vFiction. |
||
| 942 |
_2ddc _cBK |
||